Southville International School and Colleges
Your cart is empty.
  • Cart
  • Lists
    Public lists Eva Luna New books Lux_list list_1
    Your lists Log in to create your own lists
  • Log in to your account
  • Your cookies
  • Search history
Southville International School and Colleges
  • Advanced search
  • Recent comments
  • Most popular
  • Libraries

Log in to your account

Log in with GOOGLE


If you do not have an external account, but do have a local account, you can still log in:

  1. Home
  2. MARC view: Adolescent psychological development :
Normal view MARC view ISBD view

Adolescent psychological development : (Record no. 39357)

[ view plain ]
MARC details
000 -LEADER
fixed length control field 00590nam a2200193 a 4500
005 - DATE AND TIME OF LATEST TRANSACTION
control field 20140311163009.0
008 - FIXED-LENGTH DATA ELEMENTS--GENERAL INFORMATION
fixed length control field 051014s19uu xx 00 eng d
020 ## - INTERNATIONAL STANDARD BOOK NUMBER
International Standard Book Number 9780805848304
050 ## - LIBRARY OF CONGRESS CALL NUMBER
Classification number BF 424
Item number .M67 2005
100 ## - MAIN ENTRY--PERSONAL NAME
Personal name Moshman, David
245 ## - TITLE STATEMENT
Title Adolescent psychological development :
Remainder of title rationality, morality, and identity /
Statement of responsibility, etc David Moshman.
250 ## - EDITION STATEMENT
Edition statement 2nd ed.
260 ## - PUBLICATION, DISTRIBUTION, ETC. (IMPRINT)
Place of publication, distribution, etc Mahwah, New Jersey :
Name of publisher, distributor, etc Lawrence Erlbaum Associates Inc,
Date of publication, distribution, etc 2005.
300 ## - PHYSICAL DESCRIPTION
Extent 174 p. :
Dimensions 20 cm.
521 ## - TARGET AUDIENCE NOTE
Target audience note
650 ## - SUBJECT ADDED ENTRY--TOPICAL TERM
Topical term or geographic name as entry element Adolescent psychology.
942 ## - ADDED ENTRY ELEMENTS (KOHA)
Koha item type Books
Source of classification or shelving scheme Library of Congress Classification
Call number prefix Foreign
Holdings
Withdrawn status Lost status Source of classification or shelving scheme Damaged status Home library Current library Shelving location Date acquired Total Checkouts Total Renewals Full call number Barcode Date last seen Date checked out Copy number Price effective from Koha item type
    Library of Congress Classification   College Library College Library General Circulation Section 04/07/2010 1 4 BF 424 .M67 2005 C6247 01/15/2020 11/11/2019 1 10/10/2013 Books

Adolescent psychological development :

APA

Moshman D., . (2005). Adolescent psychological development. Mahwah, New Jersey: Lawrence Erlbaum Associates Inc.

Chicago

Moshman David, . 2005. Adolescent psychological development. Mahwah, New Jersey: Lawrence Erlbaum Associates Inc.

Harvard

Moshman D., . (2005). Adolescent psychological development. Mahwah, New Jersey: Lawrence Erlbaum Associates Inc.

MLA

Moshman David, . Adolescent psychological development. Mahwah, New Jersey: Lawrence Erlbaum Associates Inc. 2005.

  • Place hold
  • Print
  • Cite
  • Add to your cart (remove)
  • Save record
    BIBTEX Dublin Core MARCXML MARC (non-Unicode/MARC-8) MARC (Unicode/UTF-8) MARC (Unicode/UTF-8, Standard) MODS (XML) RIS
  • More searches
    Search for this title in:
    Other Libraries (WorldCat) Other Databases (Google Scholar) Online Stores (Bookfinder.com) Open Library (openlibrary.org)

Exporting to Dublin Core...

SOUTHVILLE LIBRARY

Southville International School and Colleges Library

1281 Tropical Ave. Cor. Luxembourg St., BF Homes International, Las Pinas City

Tel. No. 8256374 / 252358 Loc. 117/146

Powered by Koha